| 000 | 00375nam a2200121Ia 4500 | ||
|---|---|---|---|
| 008 | 220204s9999 xx 000 0 und d | ||
| 082 |
_aNR:063RT`1997' _bIIT.1 |
||
| 245 | 0 | _aProceedings of the International Conference on rubbers- Calcutta, December 12-14 1997. V.1 | |
| 260 |
_aKharagpur _bIIT |
||
| 650 | _aRubber compounding | ||
| 650 | _aRubber vulcanization | ||
| 942 | _cBK | ||
| 999 |
_c43845 _d43845 |
||